000 00927namaa2200229 i 4500
001 178920
003 ES-MaACL
005 20250813063338.0
008 110810s1890 fr | |||| ||fre d
080 _a929 Lavoisier, Antoine-Laurent de
080 _a54(091)
100 1 _aBerthelot, Marcellin,
_d1827-1907
_9125961
245 1 3 _aLa révolution chimique
_b: Lavoisier : ouvrage suivi de notices et extraits des registres inédits de laboratoire de Lavoisier /
_cpar M. Berthelot.
260 _aParis :
_bAncienne Librairie Germer Baillière et Cª :
_bFelix Alcan, Editeur,
_c1890.
300 _aXII, 334 p. ;
_c22 cm.
490 1 _aBibliothèque scientifique internationale ;
_v69
600 0 4 _aLavoisier, Antoine-Laurent.
_970731
650 4 _aQuímica-
_xHistoria.
_9147552
830 0 _aBibliothèque scientifique internationale ;
_v69
_9186949
852 _aES-MaACL
_jF-14398
999 _c178920
_d178920